000
00310nam a2200121Ia 4500
008
220214s9999 xx 000 0 und d
100
_a
Wang Shih Chi
245
0
_a
Botanochemicals: Supplement to petrochemicals
260
_b
Economic Botany
_c
1981
300
_a
369-382
700
_a
Huffman J.B.
942
_c
RE
999
_c
45906
_d
45906